LEADER 02111nam 2200421 n 450 001 996390504203316 005 20221107142600.0 035 $a(CKB)1000000000651318 035 $a(EEBO)2248519161 035 $a(UnM)99856538 035 $a(EXLCZ)991000000000651318 100 $a19921014d1586 uy | 101 0 $aeng 135 $aurbn||||a|bb| 200 12$aA book of Christian exercise, appertaining to resolution$b[electronic resource] $ethat is, shewing how that wee shoulde resolue our selues to become Christians indeed. By R.P. Perused, and accompanied now with a tretise tending to pacification. By Edm. Bunny 210 $aImprinted at London $c[By John Windet]$d1586 215 $a[26], 381, [3], 108, [2] p., folded table 300 $aR.P. = Robert Parsons. A Protestant adaptation, with an added treatise, by Edmund Bunny, of: Parsons, Robert. The first booke of the Christian exercise. Parsons' work was revised and enlarged in 1585 as: A Christian directory. 300 $aA piracy printed by John Windet (STC). 300 $a"A treatise tending to pacification" has separate divisional title and pagination; register is continuous. 300 $aThe table is printed on two leaves intented to be pasted together. 300 $a"Treatise tending to pacification" identified as STC 4095 on UMI microfilm reel 1341. 300 $aEach part filmed separately: part 1 on reel 1902; part 2 on reel 1341. 300 $aReproductions of the originals in the Sion College Library and the Union Theological Seminary (New York, N.Y.) Library. 330 $aeebo-0216 606 $aChristian life$xProtestant authors$vEarly works to 1800 615 0$aChristian life$xProtestant authors 701 $aBunny$b Edmund$f1540-1619.$01002895 701 $aParsons$b Robert$f1546-1610.$0138049 701 $aBunny$b Edmund$f1540-1619.$01002895 801 0$bCu-RivES 801 1$bCu-RivES 801 2$bCStRLIN 801 2$bWaOLN 906 $aBOOK 912 $a996390504203316 996 $aA book of Christian exercise, appertaining to resolution$92358054 997 $aUNISA LEADER 11466nam 2200433 450 001 9910571741103321 005 20230516231905.0 035 $a(CKB)5860000000047158 035 $a(NjHacI)995860000000047158 035 $a(EXLCZ)995860000000047158 100 $a20230516d2013 uy 0 101 0 $aeng 135 $aur||||||||||| 181 $ctxt$2rdacontent 182 $cc$2rdamedia 183 $acr$2rdacarrier 200 10$aModels and analysis of vocal emissions for biomedical applications $e8th International workshop, December 16-18, 2013, Firenze, Italy /$fClaudia Manfredi 210 1$aFirenze :$cFirenze University Press,$d[2013] 210 4$dİ2013 215 $a1 online resource (xi, 259 pages) 225 1 $aProceedings e report 300 $aIncludes index. 311 $a88-927-3492-X 327 $aForeword? -- Special session: Early detection of neurologic diseases by acoustic speech analysis and machine learning and classification - Organizer: Prof. Shimon Sapir, Department of Communication Sciences and Disorders, University of Haifa, Haifa, Israel - Introduction: Prof. Shimon Sapir, Department of Communication Sciences and Disorders, University of Haifa, Haifa, Israel -- S. Sapir, E. Sprecher, S. Skodda, EARLY MOTOR SIGNS OF PARKINSON'S DISEASE DETECTED BY ACOUSTIC SPEECH ANALYSIS AND CLASSIFICATION METHODS -- S. Skodda, STEADINESS OF SYLLABLE REPETITION IN EARLY MOTOR STAGES OF PARKINSON´S DISEASE -- J. Rusz, J. Klempir, E. Baborova, T. Tykalova, V. Majerova, R. Cmejla, E. Ruzicka, J. R., ACOUSTIC FINDINGS OF VOICE DISORDERS IN HUNTINGTON'S DISEASE COMPARED TO PARKINSON'S DISEASE -- M.R.Ciucci, L. M. Grant, C.A. Kelm-Nelson, L. Fulks, T. Kyser, K.B. Seroogy, S.M. Fleming, VOCALIZATION DEFICITS IN TRANSLATIONAL RODENT MODELS OF PARKINSON DISEASE -- C.Mertens, J.Schoentgen, F.Grenez, S.Skodda, ACOUSTICAL ANALYSIS OF VOCAL TREMOR IN PARKINSON SPEAKERS -- P. Heracleous, J. Even, C. Ishi, M. Kondo,K. Takanohara, K. Takeda, ANALYSIS AND EXPERIMENTS OF THE LOMBARD EFFECT IN PEOPLE WITH PARKINSON'S DISEASE -- P.Go?mez-Vilda, A.R.M. Londral, M. de Carvalho, V. Rodellar-Biarge, CHARACTERIZING VOCAL TRACT CENTRALIZATION AND ASYMMETRY IN AMYOTROPHIC LATERAL SCLEROSIS -- A.Barney, D. Nikolic, V. Nemes, P. Garrard, DETECTING REPEATED SPEECH: A POSSIBLE MARKER FOR ALZHEIMER'S DISEASE -- A.Bandini, F. Giovannelli, M. Cincotta, P. Vanni, R. Chiaramonti, A. Borgheresi, G. Zaccara, C.Manfredi, ABNORMAL RHYTHMS OF SPEECH IN PATIENTS WITH IDIOPATHIC PARKINSON'S DISEASE -- A.Tsanas, ACOUSTIC ANALYSIS TOOLKIT FOR BIOMEDICAL SPEECH SIGNAL PROCESSING: CONCEPTS AND ALGORITHMS -- Session I: MODELS AND ANALYSIS (I) -- F. Alipour, PRESSURE AND VELOCITY IN A MODEL OF LARYNGEAL VENTRICLE -- M. Havel , J. Sundberg, CONTRIBUTION OF PARANASAL SINUSES TO THE ACOUSTICAL PROPERTIES OF THE NASAL TRACT -- V. Radolf, J. Hora?cek, A. M. Laukkanen, COMPARISON OF COMPUTED AND MEASURED ACOUSTIC CHARACTERISTICS OF AN ARTIFICIALLY LENGTHENED VOCAL TRACT -- A. K. Fuchs, M. Hagmueller, A GERMAN PARALLEL ELECTRO-LARYNX SPEECH - HEALTHY SPEECH CORPUS -- R. Fraile, J. I. Godino-Llorente, M. Kob, PHYSICAL SIMULATION OF VOICE TREMOR -- L. Traser, T. Flu?gge, M. Burdumy, R. Kammberger, B. Richter, M. Echternach, DIFFERENT IMPLEMANTATION TECHNIQUES TO INCLUDE TEETH IN MRI DATA FOR VOCAL TRACT MEASUREMENTS -- A.Bandini, E. Biondi, L. Lombardo, G. Siciliani, C. Manfredi, RAPID MAXILLARY EXPANSION:A PRELIMINARY CONSONANT PHONETIC ANALYSIS -- Session II: HIGH-SPEED IMAGING -- D. Deliyski, S. RC Zacharias, A. de Alarcon, M. E Golla Powell, T. Treman Gerlach, THE EFFECT OF FRAME RATE OF HIGH-SPEED VIDEOENDOSCOPY ON THE ACCURACY OF CLINICAL VOICE ASSESSMENT -- G. Andrade-Miranda, J. I. Godino-Llorente, GLOTTAL GAP TRACKING USING TEMPORAL INTENSITY VARIATION AND ACTIVE CONTOURS -- P. Aichinger, I. Roesner, B. Schneider-Stickler, W. Bigenzahn, F. Feichter, A. K. Fuchs,M. Hagmu?ller, G. Kubin, SPECTRAL ANALYSIS OF LARYNGEAL HIGH-SPEED VIDEOS: CASE STUDIES ON DIPLOPHONIC AND EUPHONIC PHONATION -- V.Uloza, A.Vegiene, R.Pribuisiene, I.Uloziene, V.Saferis, CORRELATION BETWEEN VIDEO LARYNGOSTROBOSCOPY AND ACOUSTIC VOICE PARAMETERS -- W. Wokurek, M. Puetzer, CORRELATION ANALYSIS BETWEEN ACOUSTIC SOURCE, ELECTROGLOTTOGRAM AND NECK VIBRATIONS SIGNALS -- Special session: Acoustic analysis of newborn infant cry: an aid to early autism diagnosis? - Organizer: Dr. Maria Luisa Scattoni, Department of Cell Biology & Neuroscience,Istituto Superiore di Sanita?, Roma, Italy and Dr. Silvia Orlandi, Department of Information Engineering, Universita? degli Studi di Firenze, Firenze, Italy - Introduction: Philip Sanford Zeskind, Director, Neurodevelopmental Research Levine Children's Hospital, Carolinas Medical Center, Charlotte, North Carolina, U.S.A. -- P. S. Zeskind, DETECTION OF SUBCLINICAL NEUROBEHAVIORAL INSULT USING SPECTRUM ANALYSIS OF NEWBORN INFANT CRYING -- A. Rosales-Perez, C. A. Reyes-Garcia, J. A. Gonzalez, O. F. Reyes Galaviz, ON THE APPLICATION OF GENETIC SELECTION OF A CUSTOMIZED FUZZY MODEL FOR THE CLASSIFICATION OF INFANT CRY PATTERNS -- S. Orlandi, C. Manfredi, A. Guzzetta, M.L. Scattoni, EARLY DIAGNOSIS OF AUTISM SPECTRUM DISORDERS: SUGGESTIONS FROM ANIMAL MODELS -- D. Lenti Boero, C. Lenti, PREMATURE INFANTS' CRY MAINTAINS ABNORMALITIES AT TERM: A SONOSPECTROGRAPHIC STUDY -- S.D. Barbagallo, S.Orlandi, C. Manfredi, A NEW TOOL FOR AUDIO AND VIDEO ANALYSIS: AN AID TO CONTACT-LESS CLINICAL DIAGNOSIS IN NEWBORNS -- Session III: SINGING VOICE -- L. Dei, PECTRALLY ESTIMATED VOCAL TRACT LENGTHS OF SINGING VOICES AND THEIR CONTRIBUTING FACTORS -- M. Sakaguchi, M. Kobayashi, R. Nisimura, T. Irino, H. Kawahara, SPECTRALLY ESTIMATED VOCAL TRACT LENGTHS OF SINGING VOICES AND THEIR CONTRIBUTING FACTORS -- H. Kawahara, M. Morise, K. Sakakibara, TEMPORALLY FINE F0 EXTRACTOR APPLIED FOR FREQUENCY MODULATION POWER SPECTRAL ANALYSIS OF SINGING VOICES -- M. Echternach, P. Birkholz, L. Traser , M. Burdumy , R. Kammberger, B. Richter, VOCAL TRACT SHAPING AND FORMANT FREQUENCIES IN SOPRANOS WHISTLE REGISTER -- N. Hanna, N. Henrich, A. Mancini, T. Legou, X. Laval, P. Chaffanjon, SINGING EXCISED HUMAN LARYNGES: RELATIONSHIP BETWEEN SUBGLOTTAL PRESSURE AND FUNDAMENTAL FREQUENCY -- P. Go?mez-Vilda, E. Belmonte-Useros, V. Rodellar-Biarge, V. Nieto-Lluis, A. A?lvarez-Marquina, L. M. Mazaira-Ferna?ndez, BIOMECHANICAL EVALUATION OF THE SINGING VOICE -- Tran Quang Hai, THE USE OF SOFTWARE OVERTONE ANALYZER FOR ANALYZING VOCAL EMISSIONS -- K. Izdebski, E. Di Lorenzo, Y. Yan, HEAVY METAL "GROWL" PHONATION: QUANTITATIVE ANALYSIS OF SUPRA-GLOTTIC AND GLOTTIC VIBRATORY PATTERNS DERIVED FROM HIGH-SPEED DIGITAL IMAGING -- P.H. Dejonckere , J. Lebacq , L. Bocchi, C. Manfredi, SINGLE LINE SCANNING OF VOCAL FOLDS AS FEEDBACK IN SINGING: THE 'MESSA DI VOCE' EXERCISE -- P.H. Dejonckere , J. Lebacq , C. Manfredi, ANTICIPATION OF A NEUROMUSCULAR TUNING IN M. VOCALIS PERTURBS THE PERIODICITY OF VOCAL FOLD VIBRATION: THE UNEXPEXTED FINDING OF A PITCH-MATCHING EXPERIMENT COMPARING SINGING STUDENTS WITH HIGH-LEVEL PROFESSIONALS -- G. Baracca, G.Cantarella , S. Forti, F. Fussi, VALIDATION OF THE ITALIAN VERSION OF THE SINGING VOICE HANDICAP INDEX -- Session IV: VOICE MONITORING -- A. F. Llico, M. Zan?artu, D. D. Mehta, J. H. Van Stan, H. A. Cheyne II, A.J. Gonza?lez, M. Ghassemi, G. R. Wodicka, J. V. Guttag, R. E. Hillman, INCORPORATING REAL-TIME BIOFEEDBACK CAPABILITIES INTO A VOICE HEALTH MONITOR -- M. Zan?artu, V. Espinoza, D. D. Mehta, J. H. Van Stan, H. A. Cheyne II, M. Ghassemi, J. V. Guttag, R. E. Hillman, TOWARD AN OBJECTIVE AERODYNAMIC ASSESSMENT OF VOCAL HYPERFUNCTION USING A VOICE HEALTH MONITOR -- I.D. Castro Miller, M. Moerman, VOICE THERAPY ASISSTANT: A USEFUL TOOL TO FACILITATE THERAPY IN DYSPHONIC PATIENTS -- D. Kiagiadaki, A. Cateau, M. Remacle, J. Schoentgen, T. Dubuisson, EVALUATION OF SURGICAL TREATMENT OUTCOME IN REAL-TIME CONDITIONS USING A PORTABLE DEVICE: PRELIMINARY DATA -- K.V. Evgrafova, V. V. Evdokimova, P. A. Skrelin, T. V. Chukaeva, N. V. Shvalev, A NEW TECHNIQUE TO RECORD A VOICE SOURCE SIGNAL -- G. Cantarella, E. Iofrida, P. Boria, S. Giordano, O. Binatti, L. Pignataro, C. Manfredi, S. Forti, P. H. Dejonckere, VOICE DOSIMETRY IN 92 CALL CENTER OPERATORS -- Session V: MODELS AND ANALYSIS (II) -- A.Kacha, F. Grenez, J. Schoentgen, MULTIBAND VOCAL DYSPERIODICITIES ANALYSIS USING EMPIRICAL MODE DECOMPOSITION IN THE LOG-SPECTRAL DOMAIN -- H. Hermansky, SPEECH REPRESENTATIONS BASED ON SPECTRAL DYNAMICS -- C. Bru?cker, C. Kirmse, MODE-LOCKING OF GLOTTAL JET INSTABILITIES WITH MUCOSA WAVES ON FALSE VOCAL FOLDS -- M. Igras, B. Zio?lko, DIFFERENT TYPES OF PAUSES AS A SOURCE OF INFORMATION FOR BIOMETRY -- R. 327 $aPietruch, ACOUSTIC MODEL OF TRACHEAL STOMA NOISE PRODUCTION FOR SPEECH ENHANCEMENT IN POST-LARYNGECTOMIZED PATIENTS -- K. Funaki, K. Higa, WLP-BASED TV-CAR SPEECH ANALYSIS AND ITS EVALUATION FOR F0 ESTIMATION -- Session VI: VOICE AND PATHOLOGIES -- J. L. Blanco, J. Schoentgen, VOCAL TRACT SETTINGS IN SPEAKERS WITH OBSTRUCTIVE SLEEP APNEA SYNDROME -- E. H. Buder, C. Dromey, M. Barton, M.E. Smith, & K. Corbin-Lewis, MODULATIONS OF SPL AND F0 OCCUR IN SUSPECTED MULTIPLE SCLEROSIS AND INCREASE WITH SEVERITY -- Y.Yunusova, J.S. Rosenthal, J.R. Green, S. Shellikeri, P.Rong, J. Wang, L. 327 $aZinman, DETECTION OF BULBAR ALS USING A COMPREHENSIVE SPEECH ASSESSMENT BATTERY -- C. M. Menezes, ACOUSTIC AND ARTICULATORY VARIATION IN THE MID-CENTRAL VOWEL IN APRAXIC AND NORMAL SPEECH -- Session VII: VOICE AND STRESS/DEPRESSION -- K. Vicsi, D. Sztaho?, F. Tama?s, EXAMINATION OF SEGMENTAL AND SUPRA-SEGMENTAL PARAMETERS OF DEPRESSED SPEECH -- A.Guidi, N. Vanello, G. Bertschy, C. Gentili, L. Landini, E. P. Scilingo, AN AUTOMATIC METHOD FOR THE ANALYSIS OF PITCH PROFILE IN BIPOLAR PATIENTS -- F. M. Martinez-Licona, J. Goddard, A. E. Marti?nez-Licona, M. Coto Jime?nez, ACOUSTIC ANALYSIS OF SPANISH VOWELS IN EMOTIONAL SPEECH -- F. M. Martinez-Licona, J. Goddard, A. E. Marti?nez-Licona, M. Coto Jime?nez, ASSESSING STRESS IN MEXICAN SPANISH FROM EMOTION SPEECH SIGNALS -- Session VIII: VOICE AND GENDER-SIBLINGS -- O. Amir, N. Lebi-Jacob, O. Harari, WOMENS' VOICE DURING IN-VITRO FERTILIZATION TREATMENT -- J.A. Go?mez-Garci?a, J.I. Godino-Llorente, G. Castellanos-Domi?nguez, SEX-DEPENDENT AUTOMATIC DETECTION OF VOICE PATHOLOGIES -- E. SanSegundo, P. Go?mez-Vilda, VOICE BIOMETRICAL MATCH OF TWIN AND NON-TWIN SIBLINGS -- Author Index. 330 $aThe MAVEBA Workshop proceedings, held on a biannual basis, collect the scientific papers presented both as oral and poster contributions, during the conference. The main subjects are: development of theoretical and mechanical models as an aid to the study of main phonatory dysfunctions, as well as the biomedical engineering methods for the analysis of voice signals and images, as a support to clinical diagnosis and classification of vocal pathologies. 410 0$aProceedings e report (Firenze University Press) 517 $aModels and Analysis of Vocal Emissions for Biomedical Applications 606 $aBiological models$vCongresses 615 0$aBiological models 676 $a574.01 700 $aManfredi$b Claudia$0884412 801 0$bNjHacI 801 1$bNjHacl 906 $aBOOK 912 $a9910571741103321 996 $aModels and analysis of vocal emissions for biomedical applications$91975142 997 $aUNINA LEADER 00978oam 2200325z- 450 001 9910157761403321 005 20160708135847.0 010 $a1-56037-651-1 035 $a(CKB)3710000001009882 035 $a(VLeBooks)9781560376514 035 $a(EXLCZ)993710000001009882 100 $a20210505c2015uuuu -u- - 101 0 $aeng 200 $aConfessions of a Camo Queen 210 $cFarcountry Incorporated 215 $a1 online resource (1 p.) 311 $a1-56037-628-7 330 $a"Humorous stories from the perspective of an outdoorsman's partner"--$cProvided by publisher. 606 $aOutdoorsmen$vHumor 606 $aMasculinity$vHumor 606 $aMan-woman relationships$vHumor 615 0$aOutdoorsmen 615 0$aMasculinity 615 0$aMan-woman relationships 676 $a818/.602 700 $aBerube$b Kristin$01748503 906 $aBOOK 912 $a9910157761403321 996 $aConfessions of a Camo Queen$94181428 997 $aUNINA